000
00215as aa2200097a 44500
090
_a
SERIADAS
_b
00994
245
1
0
_a
Telopea
260
_b
Royal Botanic Gardens Sydney
_a
Australia
041
0
_a
Inglés
942
_c
REVISTA
999
_c
17149
_d
17149